Essentials of clinical orthopedics

Guardat en:
Dades bibliogràfiques
Autor principal: CHELLAPPA, Elangovan
Format: Llibre
Idioma:anglès
Publicat: Jaypee Brothers Medical Publishers 2013
Etiquetes: Afegir etiqueta
Sense etiquetes, Sigues el primer a etiquetar aquest registre!

MARC

LEADER 00000nam a22000007a 4500
008 240422b |||||||| |||| 00| 0 eng d
020 |a 9789350903629 
100 |a CHELLAPPA, Elangovan 
245 |a Essentials of clinical orthopedics  |c /Elsngovan Chellappa  |g xv,196p;ill 
260 |b Jaypee Brothers Medical Publishers  |c 2013  |h New Delhi  |i 700937  |i 700938  |l RD731.C41  |m Orthopedics 
500 |a it includes index 
942 |a lcc  |c BK  |e Johnson  |f 22/04/24 
952 |0 0  |1 0  |2 lcc  |4 0  |6 RD0731 C41  |7 0  |9 5081  |a HE  |b HOL  |c QZ  |d 2024-04-22  |l 0  |o RD731.C41  |p 2024-0329  |r 2024-04-22 00:00:00  |t 700937  |w 2024-04-22  |y BK 
952 |0 0  |1 0  |2 lcc  |4 0  |6 RD0731 C41  |7 0  |9 5082  |a HOL  |b HOL  |c QZ  |d 2024-04-22  |l 0  |o RD731.C41  |p 2024-0330  |r 2024-04-22 00:00:00  |t 700938  |w 2024-04-22  |y BK 
999 |c 2522  |d 2522